Organic reactions and orbital symmetry (Record no. 2038)
[ view plain ]
| 000 -LEADER | |
|---|---|
| fixed length control field | 00392cam a2200133 4500 |
| 020 ## - ISBN | |
| International Standard Book Number | 0521082498 |
| -- | 0521096588 (pbk.) |
| 050 00 - LIBRARY OF CONGRESS CALL NUMBER | |
| Classification Number | QD476 |
| Item Number | .G54 |
| 100 1# - MAIN ENTRY--Author | |
| Personal name | Gilchrist, T. L. |
| 245 10 - TITLE | |
| Title | Organic reactions and orbital symmetry |
| Statement of responsibility, etc | [by] T. L. Gilchrist and R. C. Storr. |
| 260 ## - PUBLICATION, DISTRIBUTION, ETC.(IMPRINT) | |
| Place of publication, distribution, etc | Cambridge [Eng.] |
| Name of publisher, distributor, etc | University Press, |
| Date of publication, distribution, etc | 1972. |
| 300 ## - PHYSICAL DESCRIPTION | |
| Extent | viii, 271 p. |
| 700 1# - ADDED ENTRY--PERSONAL AUTHOR | |
| Personal Name | Storr, R. C., |
| 942 ## - ADDED ENTRY ELEMENTS(KOHA) | |
| Koha item type | General circulation |
| Source of classification or shelving scheme | Not for loan | Location (home branch) | Sublocation (holding branch) | Date accessioned | Cost, normal purchase price | Full call number | Barcode | Cost, replacement price | Koha item type | Public note |
|---|---|---|---|---|---|---|---|---|---|---|
| Library of Congress Classification | Main Campus Library | Main Campus Library | 27/08/2014 | 3666.18 | QD476 .G54 | 2017/020497 | 4166.00 | General circulation | amm |